|
|
|
|
| LEADER |
00000nam a22000007a 4500 |
| 005 |
20160622152745.0 |
| 007 |
cr|||| ||u| |
| 008 |
160622s2016 mx ||||| |||| 00||0 spa d |
| 020 |
|
|
|a 978-607-440-937-6
|
| 035 |
|
|
|a 14332
|
| 040 |
|
|
|a vLex
|
| 090 |
|
|
|c 6215
|d 6215
|
| 100 |
1 |
|
|a Přez Chavez,Jos ̌
|
| 245 |
1 |
0 |
|a Compendio de Seguridad Social 2016
|h [Recurso electronico] /
|c Jos ̌Přez Chavez
|
| 256 |
|
|
|a Servicio en linea
|
| 260 |
|
|
|a Mexico
|b Tax Editores
|c 2016
|
| 300 |
|
|
|a 1 recurso electronico
|
| 506 |
1 |
|
|a Contenido solo disponible en los productos indicados
|d vLex Global
|d vLex Global (Academic Edition, excluding Law Schools)
|d vLex Global (U.S. Academic Edition, Law Schools)
|d vLex Global (U.S. Academic Edition, excluding Law Schools)
|d vLex Global (Academic Edition, Law Schools)
|
| 650 |
0 |
4 |
|a Seguridad social
|z Mexico
|
| 740 |
0 |
|
|a vLex libros (servicio en linea)
|
| 856 |
4 |
0 |
|u http://vlex.com/source/compendio-seguridad-social-2016-14332
|z Acceso restringido
|
| 942 |
|
|
|c BOOK
|
| 999 |
0 |
|
|a Social security
|b Mexico
|